000 00556nam a2200181Ia 4500
999 _c14271
_d14271
003 OSt
005 20201028101538.0
008 190216s9999||||xx |||||||||||||| ||und||
020 _a8179922170
040 _coclc
082 _a823.1
_bRAO/I
100 _a Rao, Raja
_95922
245 0 _a5 Indian Masters /
_cRaja Rao ; Rabindranath Tagore ; Premchand ; Mulk Raj Anand ; Kushwant Singh
260 _bJaico Publishing House,
_aMumbai:
_c2003.
300 _a284p
650 _aEnglish
942 _cBK
_2ddc
_h823.1
_iRAO/I
_k823.1
_mRAO/I